[Event "Challenge"]
[Site "http://www.queenalice.com/game.php?id=714063"]
[Date "2010.1.15"]
[Round "-"]
[White "lucianeoliveira"]
[Black "The_Match"]
[Result "0-1"]
[WhiteElo "1020"]
[BlackElo "1295"]

1. e4 e6 2. Nc3 c6 3. d4 Bb4 4. a3 Ba5 5. h4 Nf6 6. Nf3 d6 7. g4 Nxg4 8. Bh3
Nxf2 9. Kxf2 O-O 10. Ng5 b5 11. Bf4 Ba6 12. e5 d5 13. a4 b4 14. Ne2 h6 15. Nf3
Bc4 16. Neg1 Na6 17. Bg5 f6 18. Bf4 b3 19. Bxe6+ Kh7 20. cxb3 Qb8 21. Ne2 Bxb3
22. Nd2 Bxd1 23. Rhxd1 Qxb2 24. Rab1 Qc2 25. Nb3 Nb4 26. Nc5 fxe5 27. dxe5 Qxc5+
28. Ke1 Rae8 29. Bd7 Rb8 30. Ng3 Qc3+ 31. Rd2 Rxf4 32. Nh5 Rf3 33. Nf6+ Kg6 34.
Bf5+ Kxf5 35. Rc1 Qxc1+ 36. Ke2 Qf1# 0-1

[Event "Challenge_06"]
[Site "http://www.queenalice.com/game.php?id=714371"]
[Date "2010.1.15"]
[Round "-"]
[White "The_Match"]
[Black "robertao"]
[Result "0-1"]
[WhiteElo "1277"]
[BlackElo "1270"]

1. d4 b6 2. c3 Bb7 3. f3 e6 4. Bf4 Qh4+ 5. g3 Qh5 6. Nd2 g5 7. Bxc7 Nf6 8. e3
Nd5 9. Qe2 Nxc7 10. e4 Ba6 11. Qf2 e5 12. d5 Bc5 13. Qg2 O-O 14. Bxa6 Nbxa6 15.
a3 f5 16. Ne2 fxe4 17. fxe4 Rf2 18. Qxf2 Bxf2+ 19. Kxf2 Rf8+ 20. Ke3 Nc5 21.
Rhf1 Qxh2 22. Rxf8+ Kxf8 23. Rf1+ Ke7 24. Nc4 Nxe4 25. d6+ Nxd6 26. Nxd6 Kxd6
27. g4 Nd5+ 28. Kd2 Nf4 29. b4 Qxe2+ 30. Kc1 Nd3+ 31. Kb1 Qb2# 0-1

[Event "Challenge"]
[Site "http://www.queenalice.com/game.php?id=714593"]
[Date "2010.1.16"]
[Round "-"]
[White "dandi27"]
[Black "The_Match"]
[Result "1-0"]
[WhiteElo "1581"]
[BlackElo "1313"]

1. e4 e5 2. Nf3 f6 3. Bc4 Nh6 4. d4 Bb4+ 5. Nc3 Ng4 6. a3 Nxf2 7. Kxf2 Ba5 8.
Nd5 d6 9. b4 Qd7 10. bxa5 c6 11. Ne3 c5 12. a4 cxd4 13. Bb5 Nc6 14. Nd5 a6 15.
Nb6 Qg4 16. Nxa8 Qxe4 17. Re1 Qg6 18. Bd3 e4 19. Nh4 Qh6 20. Bxh6 gxh6 21. Bxe4
Ne5 22. Qxd4 Ng4+ 23. Kg3 O-O 24. Qd5+ Rf7 25. Qxd6 Ne5 26. Nf5 Bxf5 27. Bxf5
Rg7+ 28. Kh3 h5 29. Be6+ Nf7 30. Qb8# 1-0

[Event "Challenge_05"]
[Site "http://www.queenalice.com/game.php?id=715420"]
[Date "2010.1.17"]
[Round "-"]
[White "The_Match"]
[Black "rocrico"]
[Result "1-0"]
[WhiteElo "1313"]
[BlackElo "1724"]

1. e3 e6 2. Bc4 Nc6 3. c3 d6 4. Nf3 Nf6 5. Qc2 Be7 6. g4 d5 7. Bb3 Nb4 8. cxb4
Bxb4 9. a3 Bc5 10. Qxc5 Nd7 11. Qd4 e5 12. Qxd5 O-O 13. Nxe5 c6 14. Qd6 Qg5 15.
Nxd7 Bxd7 16. Qxd7 Rad8 17. Qxb7 Rfe8 18. Qxf7+ Kh8 19. Rg1 Re7 20. Qh5 Qf6 21.
d4 Rf8 22. f4 Rb8 23. Bc2 h6 24. g5 Qe6 25. gxh6 Rb5 26. Rg5 c5 27. hxg7+ Kg8
28. Qh8+ Kf7 29. g8=Q# 1-0

[Event "Challenge"]
[Site "http://www.queenalice.com/game.php?id=715422"]
[Date "2010.1.17"]
[Round "-"]
[White "pfunk339"]
[Black "The_Match"]
[Result "1/2-1/2"]
[WhiteElo "1552"]
[BlackElo "1317"]

1. e4 e5 2. Nc3 c6 3. Nf3 f6 4. Bc4 Ne7 5. b3 b5 6. Bd3 g6 7. O-O d6 8. a4 b4 9.
Ne2 a5 10. c4 c5 11. Ng3 Bh6 12. Bb2 Nbc6 13. Be2 Be6 14. d3 Bf4 15. d4 cxd4 16.
c5 dxc5 17. Bb5 O-O 18. Qe2 Bxb3 19. Qd3 c4 20. Qe2 h5 21. Bxc4+ Bxc4 22. Qxc4+
Kh7 23. Nh4 d3 24. Rad1 d2 25. Ne2 g5 26. Nf5 Nxf5 27. exf5 Qd6 28. g3 Rg8 29.
gxf4 gxf4+ 30. Kh1 f3 31. Qe4 fxe2 32. Qxe2 Qd5+ 33. f3 Rad8 34. Rg1 Qb3 35.
Rxd2 Rxd2 36. Qxd2 Qxf3+ 37. Qg2 Rxg2 38. Rxg2 Qd1+ 39. Rg1 Qxa4 40. Bc1 Ne7 41.
Be3 Nxf5 42. Bb6 Qc6+ 43. Rg2 Qxb6 44. Ra2 b3 45. Ra1 Kg7 46. Kg2 b2 47. Rb1 Qb3
48. Kf1 Ne3+ 49. Kf2 Nc4 50. Ke2 Qc2+ 51. Ke1 Qxb1+ 52. Ke2 Qe4+ 53. Kf2 Qe3+
54. Kg2 b1=Q 55. h4 Qbe4+ 56. Kf1 Qc2 1/2-1/2

[Event "Challenge_04"]
[Site "http://www.queenalice.com/game.php?id=716033"]
[Date "2010.1.18"]
[Round "-"]
[White "The_Match"]
[Black "fieldesigner"]
[Result "0-1"]
[WhiteElo "1336"]
[BlackElo "1257"]

1. b3 Nc6 2. c3 g6 3. Ba3 Bh6 4. e3 Nf6 5. f3 d6 6. Bc4 Qd7 7. d3 Qf5 8. e4 Qg5
9. Qd2 Qh4+ 10. g3 Qh5 11. Qf2 Qg5 12. Nd2 e6 13. f4 Qa5 14. b4 Qxa3 15. Ne2 Qa4
16. Bb3 Qb5 17. a4 Qxd3 18. Rc1 Qa6 19. Nc4 b5 20. Nb2 Nxe4 21. Qf3 d5 22. Nd4
Nxd4 23. cxd4 Qd6 24. Nd3 Bd7 25. a5 Rc8 26. Ne5 Qxb4+ 27. Ke2 Qd2+ 28. Kf1
Qxc1+ 29. Kg2 Qb2+ 30. Kh3 Nf2+ 31. Kg2 Ne4+ 32. Kh3 Nc3 33. Bd1 Ne4 34. Nxd7
Kxd7 35. Be2 c6 36. Qd3 a6 37. Qf3 Nd2 38. Qg4 c5 39. Qh4 Bg7 40. Rf1 cxd4 41.
f5 Bf6 42. Qxf6 Ne4 43. Qxf7+ Kd8 44. Qf6+ Nxf6 45. Bf3 gxf5 46. Re1 Rc6 47. Rd1
Qf2 48. Bg2 Rg8 49. Rxd4 Ng4 50. Bxd5 exd5 51. Rxd5+ Kc7 52. Kh4 Qxh2# 0-1

[Event "Challenge_05"]
[Site "http://www.queenalice.com/game.php?id=716214"]
[Date "2010.1.19"]
[Round "-"]
[White "dandi27"]
[Black "The_Match"]
[Result "1-0"]
[WhiteElo "1577"]
[BlackElo "1228"]

1. e4 e5 2. Nf3 f6 3. Bc4 Nh6 4. O-O Bc5 5. c3 Nc6 6. Na3 a6 7. b4 Ba7 8. b5
axb5 9. Bxb5 Qe7 10. d3 d6 11. Nc4 g5 12. Nfd2 Bg4 13. Nf3 Qe6 14. Na5 Bc5 15.
Nxb7 Qd7 16. d4 exd4 17. cxd4 Bb4 18. d5 Ke7 19. Bxc6 Qc8 20. Qb3 Bc5 21. Nxc5
dxc5 22. Bxa8 Qxa8 23. Ba3 Rb8 24. Bxc5+ Kd7 25. Qc4 c6 26. dxc6+ Qxc6 27. Rad1+
Kc7 28. Rd6 Qb5 29. Qxb5 Rxb5 30. Rd5 Be6 31. Rd6 Bxa2 32. Bd4 1-0

[Event "Challenge"]
[Site "http://www.queenalice.com/game.php?id=716218"]
[Date "2010.1.19"]
[Round "-"]
[White "estouchegando"]
[Black "The_Match"]
[Result "1-0"]
[WhiteElo "1312"]
[BlackElo "1226"]

1. e4 e5 2. Nf3 f6 3. d4 d6 4. d5 a6 5. Nc3 b5 6. a4 b4 7. Na2 a5 8. Nh4 g6 9.
Bb5+ Bd7 10. c3 Bxb5 11. axb5 Qd7 12. Qd3 g5 13. Nf5 Nh6 14. Qh3 Nxf5 15. Qxf5
Qxf5 16. exf5 g4 17. h3 gxh3 18. Rxh3 Nd7 19. Nxb4 1-0

[Event "Challenge"]
[Site "http://www.queenalice.com/game.php?id=716271"]
[Date "2010.1.19"]
[Round "-"]
[White "Feee"]
[Black "The_Match"]
[Result "1-0"]
[WhiteElo "1820"]
[BlackElo "1252"]

1. e4 Nf6 2. e5 Nd5 3. c4 Nb6 4. d4 e6 5. a4 d5 6. cxd5 Nxd5 7. Nc3 Nxc3 8. bxc3
Bd7 9. Nf3 h6 10. Bc4 Nc6 11. O-O Qe7 12. Ba3 Qd8 13. Qb1 b6 14. Rd1 f5 15. exf6
Qxf6 16. Qe4 Bxa3 17. Rxa3 O-O-O 18. d5 Ne7 19. dxe6 Bc6 20. Qe2 Rxd1+ 21. Qxd1
g5 22. Nd4 Rd8 23. Qg4 Qe5 24. Ra1 Qe4 25. Ba6+ Kb8 26. Nxc6+ Qxc6 27. Qh3 Ng8
28. Bb5 Qe4 29. Qe3 Qxe3 30. fxe3 Rd3 31. Bxd3 Nf6 32. Rf1 Ng4 33. Be4 a5 34. e7
Ka7 35. e8=Q 1-0

[Event "Challenge_05"]
[Site "http://www.queenalice.com/game.php?id=716872"]
[Date "2010.1.19"]
[Round "-"]
[White "Maraz"]
[Black "The_Match"]
[Result "1-0"]
[WhiteElo "1386"]
[BlackElo "1259"]

1. e4 e5 2. Nf3 f6 3. d4 Nc6 4. dxe5 fxe5 5. Bc4 Nf6 6. Ng5 Bc5 7. c3 d6 8. Nf7
Qe7 9. Nxh8 Ng4 10. Bf7+ Kd7 11. Qxg4+ Kd8 12. Qxg7 Na5 13. Qxh7 Kd7 14. Ng6 Qf6
15. Bd5+ Kd8 16. Qg8+ Kd7 17. Nf8+ Ke7 18. Ne6 Qxf2+ 19. Kd1 c6 20. Qd8+ Kf7 21.
Qf8+ Kg6 22. Qg7+ Kh5 23. Qh6+ 1-0

[Event "Challenge"]
[Site "http://www.queenalice.com/game.php?id=717428"]
[Date "2010.1.21"]
[Round "-"]
[White "The_Match"]
[Black "marcelomkp"]
[Result "0-1"]
[WhiteElo "1277"]
[BlackElo "1336"]

1. e3 e5 2. Bc4 d5 3. Bb3 Bc5 4. Qh5 Nf6 5. Qxe5+ Be6 6. Qc3 b6 7. d4 Bd6 8.
Ba4+ Bd7 9. Bxd7+ Qxd7 10. f3 Nc6 11. a3 O-O 12. Ne2 Rfe8 13. b4 a5 14. b5 Na7
15. a4 Bb4 16. O-O Bxc3 17. Nbxc3 Rad8 18. Nf4 Qf5 19. Rf2 c6 20. Rb1 Rc8 21.
Rb3 cxb5 22. Ba3 bxa4 23. g4 Qd7 24. Ncxd5 Nxd5 25. Nxd5 Qxd5 26. Rxb6 Qa2 27.
Bc5 Qa1+ 28. Kg2 a3 29. Ra6 Nc6 30. Rf1 Qc3 0-1

[Event "The_match x Wilson"]
[Site "http://www.queenalice.com/game.php?id=717480"]
[Date "2010.1.21"]
[Round "-"]
[White "The_Match"]
[Black "WilsonFerreira"]
[Result "0-1"]
[WhiteElo "1244"]
[BlackElo "2106"]

1. e3 e5 2. Qg4 d5 3. Qg3 Nf6 4. a3 Nc6 5. c3 e4 6. Be2 Be6 7. d4 Qd7 8. h3
O-O-O 9. Bb5 Bd6 10. Qxg7 Qe7 11. Qh6 Na5 0-1

[Event "The_match x Wilson"]
[Site "http://www.queenalice.com/game.php?id=717481"]
[Date "2010.1.21"]
[Round "-"]
[White "WilsonFerreira"]
[Black "The_Match"]
[Result "1-0"]
[WhiteElo "2107"]
[BlackElo "1242"]

1. d4 c6 2. e4 Qa5+ 3. c3 d6 4. Bd3 Be6 5. Nf3 f6 6. O-O Bxa2 7. b4 Bb3 8. Qxb3
Qxa1 9. Bb2 Qxb2 10. Qxb2 g5 11. b5 1-0

[Event "Challenge"]
[Site "http://www.queenalice.com/game.php?id=738443"]
[Date "2010.2.27"]
[Round "-"]
[White "Maraz"]
[Black "The_Match"]
[Result "1-0"]
[WhiteElo "1426"]
[BlackElo "1228"]

1. e4 e5 2. Qf3 Qf6 3. Nc3 Qxf3 4. Nxf3 f6 5. Bc4 c6 6. Bxg8 Rxg8 7. b3 Bc5 8.
a4 d6 9. a5 a6 10. Ba3 Bxa3 11. Rxa3 1-0

[Event "Challenge"]
[Site "http://www.queenalice.com/game.php?id=738444"]
[Date "2010.2.27"]
[Round "-"]
[White "The_Match"]
[Black "Maraz"]
[Result "0-1"]
[WhiteElo "1220"]
[BlackElo "1434"]

1. g3 b5 2. d3 Bb7 3. f3 g5 4. Bxg5 h6 5. Bh4 f6 6. Bh3 Nc6 7. c3 b4 8. Qb3 Ne5
9. Qxb4 e6 10. Qxb7 Rb8 11. Qxa7 Nc6 12. Qa6 Rxb2 0-1